Is this a Battle? - Statistics

General Stats
  • This quiz has been taken 33 times
  • The average score is 15 of 21
Answers on the Grid
Answers color-coded by a green-red scale on the quiz's grid according to % correct below.
Battle of Nuʻuanu
Battle of New York
Battle of Kepaniwai
Battle of Normandy
Battle of the Bulge
Battle of Berlin
Battle of Kiev
Battle of Salmis
Battle of Earth
Battle of Helm's Deep
Battle of Ain Jalut
Battle of Schrute Farms
Battle of Camelot
First Battle of Bull Run
Battle of France
Battle of Moscow
Battle of Stamford Bridge
Battle of Sokovia
Battle of Tobruk
Battle of Talas
Battle of Adwa
Battle of Tsushima
Battle of Gaixia
Battle of Nagasaki
Battle of White Mountain
Battle of San Pasqual
Battle of Xandar
Battle of Yorktown
Battle of Crécy
Battle of Westphalia
 
Answer Stats
Answer % Correct
Battle of Normandy
100%
Battle of Moscow
94%
Battle of Tobruk
94%
Battle of Yorktown
94%
Battle of Berlin
89%
Battle of Crécy
89%
Battle of Stamford Bridge
89%
Battle of the Bulge
89%
Battle of Kiev
83%
Battle of France
67%
Battle of Tsushima
67%
Battle of Ain Jalut
61%
Battle of Kepaniwai
61%
Battle of Salmis
61%
Battle of Adwa
56%
First Battle of Bull Run
56%
Battle of White Mountain
50%
Battle of San Pasqual
44%
Battle of Talas
44%
Battle of Gaixia
33%
Battle of Nuʻuanu
33%
No matching quizzes found
Score Distribution
Percent of People with Each Score
Percentile by Number Answered
Your Score History
You have not taken this quiz